000 00867nam a2200229 a 4500
001 44507
003 BD-RjUL
005 20211209053853.0
008 160718s2008 bg ||||| |||| 00| 0 ben d
020 _c : Tk.80.00
035 _a(BD-RjUL)44625
040 _aBD-RjUL
_bben
_cBD-RjUL
041 _aben
082 _223
_a782.42162
_bKHM 2008
100 1 _aখালেক, আবদুল
_9176779
245 1 0 _aময়মনসিংহ গীতিকা :
_bপাঠ পরিক্রমা /
_cআবদুল খালেক
260 _aরাজশাহী :
_bফোকলোর গবেষণা সংসদ,রাজশাহী বিশ্ববিদ্যালয়,
_c২০০৮
300 _a১৪৭ পৃ. ;
_c২১ সেমি.
650 _aপল্লীগীতি
_9117897
650 _aFolk song
_9121552
942 _2ddc
_cBK
999 _c44507
_d44507